000 01396namaa2200337 i 4500
003 EG-GICUC
005 20260108114539.0
008 260106s2012 ua |||jr|||| 000 0 ara d
017 _a2012 / 3325
_bدار الكتب والوثائق القومية (مصر)
020 _a9789777049549
040 _aEG-GiCUC
_bara
_cEG-GiCUC
_dEG-GiCUC
_erda
043 _af-ua---
082 0 4 _221
_a962.08
_bB327
092 0 4 _221
_a962.08
_bB327
099 _a962.08 B327
100 1 _aبسيوني، عبد الحميد
_eمؤلف.
245 1 _aثورة مصر :
_bالزمن، الجغرافيا، المواقف : إجابات الأسئلة المحيرة وفك الألغاز الغامضة /
_cعبد الحميد بسيونى.
250 _aالطبعة الاولى
264 _aالقاهرة(مصر) :
_bالهيئة العامة لقصور الثقافة،
_c2012.
300 _a614 صفحة ؛
_c20 سم
_bإيضاحيات، صور، مثيليات ؛ Illustrations
336 _2rdacontent
_atext
337 _2rdamedia
_aUnmediated
338 _2rdacarrier
_avolume
490 _aإبداعات الثورة
504 _a611 ببليوجرافيا: صفحات.
541 _aد. جابر عصفور ؛
_bالقاهرة ؛
_cإهداء ؛
_d2024.
650 1 _2qrmak
651 1 7 _2qrmak
_aمصر
_xتاريخ
_yاحتجاجات 2011-2013
905 _aAya
942 _2ddc
_cBK
_e21
_n0
999 _c177445
_d177445